LDR 00698naa#a2200169#i#450# 001 EN\INFRA-M\bibl\116769 005 20260417005803.5 011 ## _a2500-0543 100 ## _a20260401b2026####ek#y0engy0150####ca 102 ## _aRU 200 1# _aContinuous professional education of employees of the penal correction system in the context of digitalization of science and education _eJournal article 210 1# _aMoscow _cINFRA-M Academic Publishing LLC. _d2026 215 ## _a10 с. 608 ## _aJournal article _2local 675 ## _aНародное образование. Воспитание. Обучение. Организация досуга. 37 _z 700 #1 _aAntonovskiy _gAleksandr Viktorovich 856 4# _anaukaru.ru _u